• 首页
  • 本馆介绍
  • 公告通知
  • 最新文献
  • 馆藏检索
  • 电子资源
  • 读者导购
  • 参考咨询
  • 我的图书馆
  • 登录
  • 详细信息显示
  • 放入我的书架
  • 预约/预借图书
  • 作者相关作品
  • 分类相关作品
  • 丛书相关作品
  • 出版社相关作品

书目信息

  • 表格格式
  • 工作单格式
  • 卡片格式
题名:
台湾小说作家论
    
 
作者: 汪景寿 著
分册:  
出版信息: 北京   北京大学出版社  1984
页数: 236页
开本: 21cm
丛书名:
单 册:
中图分类: I207.4
科图分类:
主题词: 小说--文学研究--中国 , 传奇小说
电子资源:
ISBN:
000 00651nam0 2200241 45
001 0184008822
005 20050330141632.8
010    @dCNY0.95
091    @a10209.56
100    @a19950413d1984 emky0chiy0121 ea
101 0  @achi
102    @aCN@b110000
105    @ay z 000zy
200 10 @a台湾小说作家论@Atai wan xiao shuo zuo jia lun@f汪景寿著@FWang Jing Shou Zhu
210    @a北京@c北京大学出版社@d1984
215    @a236页@d21cm
606    @a小说@x文学研究@y中国
606    @a传奇小说
690    @aI207.4@v3
701  0 @a汪景寿@4著
801  0 @aCN@b上海图书馆@c20040418
801  2 @aCN@bNLC@c20040418
905    @dI207.4@e119=2@b247993@f1
    
    台湾小说作家论/汪景寿著.-北京:北京大学出版社,1984
    236页;21cm
    
    
    ISBN :CNY0.95
    
●
相关链接 在E读中查询图书 在五车中查询图书 在当当中查询图书 在豆瓣中查询图书


正题名:台湾小说作家论     索取号:I207.4/119=2         预约/预借

序号 登录号 条形码 馆藏地/架位号 状态 备注
1 0109922   000535111   第二借阅区/ [索取号:I207.4/119=2] 在馆    
2 0109923   001825608   密集书库/ [索取号:I207.4/119=2] 在馆    
3 0109924   001825644   密集书库/ [索取号:I207.4/119=2] 在馆    
4 0109925   000535102   密集书库/ [索取号:I207.4/119=2] 在馆    
5 0109928   001825680   密集书库/ [索取号:I207.4/119=2] 在馆    
6 0247989   000535120   第二借阅区/ [索取号:I207.4/119=2] 在馆    
7 0247990   000535068   密集书库/ [索取号:I207.4/119=2] 在馆    
8 0247991   001825252   密集书库/ [索取号:I207.4/119=2] 在馆    
9 0247992   001611376   密集书库/ [索取号:I207.4/119=2] 在馆    
10 0247993   001984810   密集书库/ [索取号:I207.4/119=2] 在馆    
11 0247994   001825216   密集书库/ [索取号:I207.4/119=2] 在馆    
12 0247995   001825298   密集书库/ [索取号:I207.4/119=2] 在馆    
13 0247996   001825332   密集书库/ [索取号:I207.4/119=2] 在馆    
14 0247997   001825378   密集书库/ [索取号:I207.4/119=2] 在馆    
15 0247998   000535059   第一样本阅览室/ [索取号:I207.4/119=2] 在馆    
唐山师范学院图书馆 欢迎您!
大连网信软件有限公司© 版权所有